000 00948nam a2200301Ia 4500
003 OSt
005 20220912150446.0
006 a|||||r|||| 00| 0
007 ta
008 220909b |||||||| |||| 00| 0 eng d
020 _a8181283805 (pbk)
024 _a61393
037 _b90, 16/08/2006, Ashutosh Technical Books
037 _cTextbook
040 _aCSL
_beng
_cCSL
041 _aeng
082 _aD65,8(B)92XM, P5 TD
100 _aCerami Ethan
245 0 _aXML for bioinformatics
260 _aNew York Springer Science+Business Media,Inc.
_c2005
300 _axv, 304p.
_ccm.
500 _aAppendix 283-284p.
_ccm.; Bibliography 285-289p.
_ccm.; Index 391-304p.
_ccm.
650 _a Bioinformatics
650 _a XML-Document markup language
650 _aComputer Science
942 _hD65,8(B)92XM, P5 TD
_cTB
_2CC
999 _c47927
_d47927